EPIC The Musical : Puppeteer - Statistiques

Statistiques générales
  • Ce quiz a été pris 59 fois
  • Le résultat moyen est 358 sur 500
Statistiques - réponses
Hint Réponse % Correct
what
100%
Eurylocus | Odysseus What
100%
Odysseus What?
100%
Odysseus What was it?
100%
a
97%
Eurylocus A
97%
| Eurylocus | Odysseus I
97%
I,
97%
the
97%
Circe The
97%
go
94%
Go
94%
no
94%
| Eurylocus No,
94%
Circe No
94%
to
94%
To
94%
you
94%
you?
94%
you,
94%
I'm
91%
I′m
91%
in
91%
Inside
91%
inside
91%
I′ve got all the power
91%
| Odysseus Of
91%
of
91%
power
91%
power,
91%
so
91%
we
91%
Circe | Eurylocus | Odysseus We
91%
woman
91%
| Eurylocus But
88%
but
88%
Eurylocus Captain,
88%
Captain?
88%
captain
88%
Circe Come
88%
do
88%
is
88%
me
88%
some
88%
be
85%
don′t
85%
don't
85%
got
85%
have
85%
Eurylocus She
85%
she
85%
something
85%
Something
85%
this
85%
Circe This
85%
your
85%
| Circe | Eurylocus And
82%
and
82%
can
82%
gods,
82%
Gods,
82%
island
82%
more
82%
my
82%
Circe My
82%
not
82%
on
82%
palace
82%
rest
82%
that
82%
that,
82%
was
82%
best
79%
by
79%
Eurylocus By
79%
crew?
79%
it
79%
It
79%
I′ve
79%
Circe I've
79%
Circe I've got all the power, yeah, I've got all the power No, I'm not a player, I'm a puppeteer No, I don't play, I puppeteer, yeah
79%
like
79%
make
79%
monsters,
79%
puppeteer
79%
puppeteer,
79%
secure
79%
sure
79%
us
79%
wait
79%
Circe Welcome
79%
worry,
79%
all
76%
back
76%
confess
76%
eat
76%
for
76%
For
76%
get
76%
had
76%
happened
76%
now
76%
now,
76%
Eurylocus Okay
76%
only
76%
Eurylocus Only
76%
play,
76%
play
76%
since
76%
Eurylocus Sir,
76%
soon?
76%
them
76%
chest
73%
Circe's
73%
hear
73%
I've got you, don't worry Circe's got you now
73%
left
73%
live
73%
lives
73%
must
73%
off
73%
say
73%
Circe Take
73%
they
73%
Eurylocus They
73%
two
73%
voice
73%
yeah,
73%
yeah
73%
at
70%
cannot
70%
home,
70%
know
70%
Let
70%
outside,
70%
part
70%
there
70%
| Circe Think
70%
time
70%
we've
70%
we′ve
70%
Where′s
70%
across
67%
came
67%
heard
67%
just
67%
player,
67%
save
67%
twist,
67%
Until
67%
words
67%
are
64%
endure
64%
hide?
64%
last
64%
late
64%
pigs
64%
seat
64%
show
64%
stayed
64%
too
64%
weak
64%
ahead
61%
could
61%
Odysseus Damn
61%
feet
61%
hell
61%
mistakes
61%
Circe Mistakes
61%
need
61%
nothing
61%
our
61%
past
61%
said,
61%
went
61%
Whatever
61%
bring
58%
can′t
58%
changed
58%
faced
58%
from
58%
Eurylocus From
58%
meal
58%
men
58%
much
58%
prepare
58%
resist
58%
Odysseus There's
58%
There′s
58%
ate,
55%
did
55%
far
55%
malice
55%
pay
55%
price
55%
run
55%
Eurylocus She changed them
55%
tired
55%
you'll
55%
bet
52%
choice
52%
wherever
52%
you′re
52%
awaited
48%
course,
48%
course
48%
Odysseus Eurylochus,
48%
I′d
48%
I'd
48%
leave
48%
leave?
48%
Let′s
48%
let's
48%
Look
48%
lost
48%
same
48%
seemed
48%
spell
48%
'cause
45%
hope
45%
if
45%
sleep
45%
turned
45%
cast
42%
Every
42%
foes
42%
killed?
42%
nymphs
42%
one
42%
spent
42%
Circe They'll
42%
variety
42%
will
42%
Eurylocus Will
42%
years
42%
done
39%
everything
39%
greet
39%
try
39%
you'd
39%
choose
36%
forgive
36%
hard
36%
learned
36%
places
36%
quick
36%
roster,
36%
Circe Their
36%
transformed
36%
wasn't
36%
began
33%
creatures
33%
her
33%
knowing
33%
love
33%
wouldn′t
33%
about
30%
before
30%
hardly
30%
queen
30%
world
30%
does
27%
earned
27%
find
27%
grow
27%
hostile
27%
Eurylocus It's
27%
none
27%
range
27%
Eurylocus She′s
27%
she′s
27%
squeal
27%
still
27%
Circe Tend
27%
loving
24%
single
24%
slay
24%
than
24%
wide
24%
witch
24%
between
21%
tails
21%
way
21%
cost
18%
game
18%
length
18%
clever
15%
cut
15%
above
12%
draw
12%
line
12%
snouts
12%
losses,
9%
Circe Watch
9%
wits
9%
deceives
6%
Aucun quiz correspondant
Distribution des résultats
% des personnes avec chaque résultat
Percentile par nombre de réponses
Votre historique - résultats
Vous n’avez pas pris ce quiz